000 00546nam a22001817a 4500
003 OSt
005 20260224054300.0
008 260224b |||||||| |||| 00| 0 eng d
020 _a978-159339-385-4 volume
040 _aDWCL-Main Lib
_cOC
082 _aGR. 598 B862 2008
110 _aENCYLOPAEDIA BRITANICA
_eCorporate Author
245 _aBritanica illustrated science library : birds /
300 _a101 p. :
_bill. ( col. ) ;
_c27 cm.
504 _a1. Includes glossary and index.
650 _aAves ( Birds )
942 _2ddc
_cGR
_mGR.
_n0
999 _c8522
_d8522